000 00246nam a22000857a 4500
008 160908b xxu||||| |||| 00| 0 eng d
100 _9338
_aNirupama Srivastava
245 _aExploring Art & Activity
260 _aNew Delhi
_bRachna Sagar publication
_c2011
999 _c2998
_d2998